Dưới rêu phong : Tập truyện ngắn
Guardat en:
| Autor principal: | |
|---|---|
| Format: | Llibre |
| Idioma: | Undetermined |
| Publicat: |
Hà Nội
Hội Nhà văn
2019
|
| Matèries: | |
| Etiquetes: |
Afegir etiqueta
Sense etiquetes, Sigues el primer a etiquetar aquest registre!
|
| Thư viện lưu trữ: | Trung tâm Học liệu Trường Đại học Cần Thơ |
|---|
| LEADER | 00603nam a2200205Ia 4500 | ||
|---|---|---|---|
| 001 | CTU_236711 | ||
| 008 | 210402s9999 xx 000 0 und d | ||
| 082 | |a 895.92234 | ||
| 082 | |b V115 | ||
| 100 | |a Văn Chinh | ||
| 245 | 0 | |a Dưới rêu phong : | |
| 245 | 0 | |b Tập truyện ngắn | |
| 245 | 0 | |c Văn Chinh | |
| 260 | |a Hà Nội | ||
| 260 | |b Hội Nhà văn | ||
| 260 | |c 2019 | ||
| 650 | |a Truyện ngắn, Việt Nam,Short stories, Vietnamese | ||
| 650 | |y Thế kỷ 21,21st century | ||
| 910 | |b dqhieu | ||
| 980 | |a Trung tâm Học liệu Trường Đại học Cần Thơ | ||